خا لد ر حيم :شخصيت ا و ر ا د بی خد ما ت (Record no. 179927)

MARC details
000 -LEADER
fixed length control field 00693nam a22001937a 4500
005 - DATE AND TIME OF LATEST TRANSACTION
control field 20210716152031.0
010 ## - LCCN (DPL NO)
LC control number UR-11149
020 ## - INTERNATIONAL STANDARD BOOK NUMBER
Terms of availability 500.00
International Standard Book Number 9789390533589
035 ## - SYSTEM CONTROL NUMBER
System control number U-9704
037 ## - SOURCE OF ACQUISITION
Source of stock number/acquisition DBAD/PUB
082 ## - DEWEY DECIMAL CLASSIFICATION NUMBER
Classification number 844.8
100 ## - MAIN ENTRY--PERSONAL NAME
Personal name ا نو ر بھد ر کی
245 ## - TITLE STATEMENT
Title خا لد ر حيم :شخصيت ا و ر ا د بی خد ما ت
Statement of responsibility, etc ا نو ر بھد ر کی
246 ## - VARYING FORM OF TITLE
Title proper/short title Khalid Raheem :Shakhsiyat Aur Adabi Khidmat (Urdu)
Remainder of title by Anwar Bhadraki
260 ## - PUBLICATION, DISTRIBUTION, ETC. (IMPRINT)
Place of publication, distribution, etc N.Delhi
Date of publication, distribution, etc 2020 ء
Name of publisher, distributor, etc Educational Publishing House
270 ## - ADDRESS
Address H.O.D1/16,Ansari Road,Darya Ganj,
City New Delhi
Postal code 110002
Fax number -
300 ## - PHYSICAL DESCRIPTION
Extent 528 ص
Dimensions 22 Cm(Hb)
942 ## - ADDED ENTRY ELEMENTS (KOHA)
Source of classification or shelving scheme Dewey Decimal Classification
Item type Urdu Bks
Classification part 844.8
Edition ا ن و
Holdings
Withdrawn status Lost status Not for loan Collection code Home library Current library Date acquired Source of acquisition Cost, normal purchase price Full call number Barcode Copy number Cost, replacement price Koha item type
      Non-fiction D.B.Act.Division Central Library 16/07/2021 DBAD/PUB 500.00 844.8ا ن و U-9704 1 500.00 Urdu Bks

© Delhi Public Library
Hit Counter
free hit counter